000 00539nam a2200169 i 4500
001 57067
003 ES-MaACL
005 20230906163515.0
007 t|
008 031014s1983 sp ||||1| spa d
245 0 0 _aDoce compositores aragoneses de tecla (S. XVIII)
_b: biografías, estudios y transcripciones /
_cDionisio Preciado...[et al.].
260 _aMadrid :
_bEditora Nacional,
_c[1983]
300 _a94 p. ;
_c35 p.
500 _aTexto y música.
700 1 _aPreciado, Dionisio.
_993731
852 _aES-MaACL
_jL-737
_bR.105491
999 _c57067
_d57067